<?xml version="1.0" encoding="UTF-8"?><?xml-stylesheet type="text/xsl" href="static/style.xsl"?><OAI-PMH xmlns="http://www.openarchives.org/OAI/2.0/" xmlns:xsi="http://www.w3.org/2001/XMLSchema-instance" xsi:schemaLocation="http://www.openarchives.org/OAI/2.0/ http://www.openarchives.org/OAI/2.0/OAI-PMH.xsd"><responseDate>2026-04-14T05:20:48Z</responseDate><request verb="GetRecord" identifier="oai:www.recercat.cat:20.500.12327/505" metadataPrefix="marc">https://recercat.cat/oai/request</request><GetRecord><record><header><identifier>oai:recercat.cat:20.500.12327/505</identifier><datestamp>2025-10-22T11:31:10Z</datestamp><setSpec>com_2072_4428</setSpec><setSpec>com_2072_4427</setSpec><setSpec>col_2072_487898</setSpec></header><metadata><record xmlns="http://www.loc.gov/MARC21/slim" xmlns:dcterms="http://purl.org/dc/terms/" xmlns:xsi="http://www.w3.org/2001/XMLSchema-instance" xmlns:doc="http://www.lyncode.com/xoai" xsi:schemaLocation="http://www.loc.gov/MARC21/slim http://www.loc.gov/standards/marcxml/schema/MARC21slim.xsd">
   <leader>00925njm 22002777a 4500</leader>
   <datafield ind2=" " ind1=" " tag="042">
      <subfield code="a">dc</subfield>
   </datafield>
   <datafield ind2=" " ind1=" " tag="720">
      <subfield code="a">Lafarga, Tomás</subfield>
      <subfield code="e">author</subfield>
   </datafield>
   <datafield ind2=" " ind1=" " tag="720">
      <subfield code="a">Gallagher, Eimear</subfield>
      <subfield code="e">author</subfield>
   </datafield>
   <datafield ind2=" " ind1=" " tag="720">
      <subfield code="a">Bademunt, Ariadna</subfield>
      <subfield code="e">author</subfield>
   </datafield>
   <datafield ind2=" " ind1=" " tag="720">
      <subfield code="a">Viñas, Inmaculada</subfield>
      <subfield code="e">author</subfield>
   </datafield>
   <datafield ind2=" " ind1=" " tag="720">
      <subfield code="a">Bobo, Gloria</subfield>
      <subfield code="e">author</subfield>
   </datafield>
   <datafield ind2=" " ind1=" " tag="720">
      <subfield code="a">Villaró, Silvia</subfield>
      <subfield code="e">author</subfield>
   </datafield>
   <datafield ind2=" " ind1=" " tag="720">
      <subfield code="a">Aguiló‐Aguayo, Ingrid</subfield>
      <subfield code="e">author</subfield>
   </datafield>
   <datafield ind2=" " ind1=" " tag="260">
      <subfield code="c">2019-01-07</subfield>
   </datafield>
   <datafield ind2=" " ind1=" " tag="520">
      <subfield code="a">The effects of the inclusion of industrial broccoli co‐products namely stalks and leaves into bread on physicochemical and nutritional properties were evaluated. Incorporation of powdered broccoli co‐products at a concentration of 2% (w/w) into bread formulations resulted in decreased weight and specific volumes when compared to the control (p &lt; 0.05). Broccoli‐containing breads showed an increased green hue and a higher crust and crumb color intensity (p &lt; 0.05). Incorporation of broccoli co‐products into bread formulations significantly increased the total phenolic content and antioxidant capacity of the breads (p &lt; 0.05). The overall acceptance and appearance of the breads were not affected by broccoli incorporation. The phenolic content and antioxidant capacity of the three formulations increased after the gastric and intestinal phases of digestion when compared to the initial stage, measured from a methanol:water extract (p &lt; 0.05). Results obtained herein could open novel commercial opportunities for food processors and reduce the amount of food discarded as waste.</subfield>
   </datafield>
   <datafield ind1="8" ind2=" " tag="024">
      <subfield code="a">Lafarga, T., Gallagher, E., Bademunt, A., Viñas, I., Bobo, G., Villaró, S., &amp; Aguiló-Aguayo, I. (2019). Bioaccessibility, physicochemical, sensorial, and nutritional characteristics of bread containing broccoli co-products. Journal Of Food Processing And Preservation, 43(2), e13861. doi:10.1111/jfpp.13861</subfield>
   </datafield>
   <datafield ind1="8" ind2=" " tag="024">
      <subfield code="a">0145-8892</subfield>
   </datafield>
   <datafield ind1="8" ind2=" " tag="024">
      <subfield code="a">http://hdl.handle.net/20.500.12327/505</subfield>
   </datafield>
   <datafield ind1="8" ind2=" " tag="024">
      <subfield code="a">https://doi.org/10.1111/jfpp.13861</subfield>
   </datafield>
   <datafield ind2="0" ind1="0" tag="245">
      <subfield code="a">Bioaccessibility, physicochemical, sensorial, and nutritional characteristics of bread containing broccoli co‐products</subfield>
   </datafield>
</record></metadata></record></GetRecord></OAI-PMH>